University Home | Library Home | Institutional Repository

A comparative study of some social communication patterns in the pelecaniformes. (Record no. 136233)

MARC details
000 -LEADER
fixed length control field 00803cam6a220022900 4500
001 - CONTROL NUMBER
control field tmp15632514
003 - CONTROL NUMBER IDENTIFIER
control field UPRA
005 - DATE AND TIME OF LATEST TRANSACTION
control field 20190822123622.0
008 - FIXED-LENGTH DATA ELEMENTS--GENERAL INFORMATION
fixed length control field 950922n kyu eng u
035 ## - SYSTEM CONTROL NUMBER
System control number (Sirsi) r52609
035 ## - SYSTEM CONTROL NUMBER
System control number (UPRA)tmp15632514
040 ## - CATALOGING SOURCE
Transcribing agency UPRA
100 1# - MAIN ENTRY--PERSONAL NAME
Personal name Van Tets, Gerard F.
Linkage A11185.1
245 12 - TITLE STATEMENT
Title A comparative study of some social communication patterns in the pelecaniformes.
260 ## - PUBLICATION, DISTRIBUTION, ETC.
Place of publication, distribution, etc. [Anchorage, KY]
490 1# - SERIES STATEMENT
Series statement American ornithological monographs ;
Volume/sequential designation no. 2
504 ## - BIBLIOGRAPHY, ETC. NOTE
Bibliography, etc. note Bibliography: p. 82-88.
650 #0 - SUBJECT ADDED ENTRY--TOPICAL TERM
Topical term or geographic name entry element Pelicans.
Linkage S7577.1
810 2# - SERIES ADDED ENTRY--CORPORATE NAME
Corporate name or jurisdiction name as entry element American Ornithological Union. Ornithological monographs ;
Title of a work American Ornithological Union. Ornithological monographs ;
Volume/sequential designation no. 2.
Linkage S2883.1
949 ## - LOCAL PROCESSING INFORMATION (OCLC)
a QL696
w lcc
i -66990
m MAIN
t BOOK
l ON-SHELF
Holdings
Withdrawn status Lost status Source of classification or shelving scheme Damaged status Not for loan Home library Current library Shelving location Total Checkouts Full call number Barcode Date last seen Copy number Price effective from Koha item type
    Library of Congress Classification     Main Library Main Library On Shelf   QL696 -66990 08/22/2019 1 08/22/2019 Book
© 2026 - The University of Zambia Library - Koha v25.11